Cracovie - Choix multiples - Statistiques

Statistiques générales
  • Ce quiz a été pris 3 053 fois
  • Le résultat moyen est 6 sur 10
Statistiques - réponses
Question Réponse % Correct
Quel nom la ville porte-t-elle en polonais ? Kraków
87%
Quel film suit un industriel nazi établi à Cracovie ayant sauvé 1 200 Juifs du camp de concentration ? La Liste de Schindler
83%
Pour avoir documenté et défendu quelle théorie Nicolas Copernic, étudiant puis professeur à l'université de Cracovie, s'est-il rendu célèbre ? L'héliocentrisme
75%
Sous quel nom l'archevêque de Cracovie Karol Wojtyła se fit-il connaître en tant que Pape ? Jean-Paul II
71%
A partir de 1815 et jusqu'à l'insurrection de 1846, la ville libre de Cracovie est la seule entité polonaise indépendante. Lequel de ces pays n'est pas l'une des trois puissances s'étant partagé le reste du territoire du duché de Varsovie ? L'Empire ottoman
65%
Lequel de ces célèbres réalisateurs est un survivant du ghetto de Cracovie ? Roman Polanski
57%
Quel fleuve arrose la ville après avoir traversé les Carpates, qui surplombe la ville ? La Vistule
53%
Que fait l'homme posté en haut de la tour la plus élevée de la Basilique Sainte-Marie de Cracovie à chaque heure, de jour comme de nuit ? Il joue un air de trompette.
49%
Lequel de ces édifices est le Wawel, le château de Cracovie ?
46%
Quel était le deuxième pays constitutif de la République des Deux Nations, dont Cracovie fut la capitale ? La Lituanie
44%
Aucun quiz correspondant
Distribution des résultats
% des personnes avec chaque résultat
Percentile par nombre de réponses
Votre historique - résultats
Vous n’avez pas pris ce quiz